| 000 | 00751cam a2200241 4500 | ||
|---|---|---|---|
| 001 | D16412 | ||
| 008 | 090401t1976 xxu||||| |||| 00| 0 eng d | ||
| 035 | _a(Sirsi) u29222 | ||
| 041 | _aeng | ||
| 050 | _a622.8 | ||
| 090 | _aRICS 1976/46A | ||
| 110 |
_aRoyal Institution of Chartered Surveyors _bMinerals Division _91255 |
||
| 245 | 4 | _aThe problem of disused mine shafts. A report by the Working Party on Disused Mine Shafts established by the Minerals Divisional Council ... | |
| 260 |
_aLondon _bRoyal Institution of Chartered Surveyors _c1976 |
||
| 300 | _a60p | ||
| 350 | _a0 | ||
| 520 | _aBibliography | ||
| 650 | _aCOAL MINING | ||
| 690 | _aMINING AND MINERALS | ||
| 700 |
_aM. Hall, _xChairman |
||
| 942 | _n0 | ||
| 948 | _c04/03/1997 | ||
| 999 |
_c89406 _d89406 |
||